|
|
|
|
| LEADER |
00916nam a2200229 a 4500 |
| 001 |
11980636 |
| 008 |
100607s1999 bg 000 0 eng d |
| 010 |
|
|
|a 99952693
|
| 040 |
|
|
|a DLC
|c DLC
|d DB-DhAAL
|
| 041 |
1 |
|
|a engben
|h ben
|
| 082 |
0 |
0 |
|a 891/.44/17
|2 21
|
| 100 |
1 |
|
|a Rahman, Shamsur.
|
| 240 |
1 |
0 |
|a Poem.
|l English & Bengali.
|k Selections
|
| 245 |
1 |
0 |
|a Selected political poems /
|c Shamsur Rahman ; translator Sagar Choudhury.
|
| 260 |
|
|
|a Dhaka :
|b Ahmed Mahfuzul Haq :
|b Distributor, Mowla Brothers,
|c 1999.
|
| 300 |
|
|
|a 64 p. ;
|c 22 cm.
|
| 546 |
|
|
|a English and Bengali.
|
| 600 |
1 |
0 |
|a Rahman, Shamsur
|x Translations into English.
|
| 700 |
1 |
|
|a Choudhury, Sagar,
|d 1939-
|
| 852 |
4 |
|
|a Ayesha Abed Library
|j General Shelf.
|
| 999 |
|
|
|c 8906
|d 8906
|
| 952 |
|
|
|0 0
|1 0
|2 ddc
|4 0
|6 891_000000000000000__44_17_RAH_1999
|7 0
|9 10907
|a BRACUL
|b BRACUL
|c GEN
|d 2010-06-13
|l 1
|m 1
|o 891.4417 RAH
|p 3010020058
|r 2025-08-25
|s 2025-04-26
|t 1
|w 2010-06-13
|y BK
|